Los Amigos de los museos en el Instituto del Teatro
Colección:
San Jorge,
; núm. 2 (abril 1951), pàg. 75
Idioma:
Español
MARC
| LEADER | 00000naa a2200000 a 4500 | ||
|---|---|---|---|
| 003 | Arxiu | ||
| 005 | 20260324181049.0 | ||
| 008 | 160829s1951 spc xx s spa c | ||
| 040 | |a agdb | ||
| 245 | 0 | 4 | |a Los Amigos de los museos en el Instituto del Teatro |
| 490 | |a San Jorge, |v núm. 2 (abril 1951), pàg. 75 | ||
| 610 | 2 | 0 | |9 54542 |a Amigos de los Museos (Barcelona, Catalunya) |
| 610 | 2 | 0 | |9 54846 |a Instituto del Teatro (Barcelona, Catalunya) |
| 773 | |t San Jorge. |g Núm. 2 (abril 1951), pàg. 75 | ||
| 901 | |a Arxiu | ||
| 942 | |n 1 |2 udc |c ART | ||
| 952 | |0 0 |1 0 |4 0 |7 1 |9 64554 |a Arxiu |b Arxiu |d 2022-12-01 |o Rev-508 |r 2022-12-01 00:00:00 |w 2022-12-01 |y ARXIU |z També disponible a Rev-521 | ||
| 999 | |c 53005 |d 53005 | ||